| 000 | 00998nam a22002897a 4500 | ||
|---|---|---|---|
| 001 | 6479 | ||
| 003 | FISKH | ||
| 005 | 20250509103120.0 | ||
| 008 | 250506b cb ||||| |||| 00| 0 eng d | ||
| 020 | _a9781423106135 | ||
| 040 |
_aFISKH _beng _cFISKH _dFISKH |
||
| 050 | _aPZ7.A38424 P | ||
| 082 | _a 428.6 | ||
| 100 |
_aAlfonsi, Alice _d(1962-) |
||
| 245 |
_aHigh school musical stories from east high : _bPoetry in motion / _cBy Alice Alfonsi |
||
| 250 | _aThis edition first published in 2007 | ||
| 260 |
_aNew York : _bDisney Press, _c2007 |
||
| 300 |
_a126 pages : _c20 cm |
||
| 505 | _aP | ||
| 520 | _aChad doesn't know if he can pull off his English class assignment of reciting an original poem in front of the entire school after remembering his last poetry reading and how embarrassing it was. | ||
| 521 | 8 |
_a650
_bLexile |
|
| 521 | 8 |
_aP
_bRaz-Plus |
|
| 650 |
_2Juvenile _aChapter book |
||
| 650 |
_2High School Musical _aDisney |
||
| 942 |
_2ddc _cBK _n0 |
||
| 999 |
_c6479 _d6479 |
||